|
|
|
|
| LEADER |
00986nam a2200265 a 4500 |
| 001 |
c000045999 |
| 003 |
CARM |
| 005 |
19880826000000.0 |
| 008 |
801126s1981 mnua b 001 0 eng |
| 019 |
1 |
|
|a 1840901
|z 23880515
|5 LACONCORD2021
|
| 020 |
|
|
|a 0829904069 :
|c $15.96
|
| 035 |
|
|
|a (OCoLC)6942280
|5 LACONCORD2021
|
| 040 |
|
|
|a LC
|b eng
|c LC
|d ABN:SN
|
| 050 |
0 |
0 |
|a HF5549
|b .S249
|
| 082 |
1 |
4 |
|a 658.3
|2 19
|
| 100 |
1 |
|
|a Schuler, Randall S.
|
| 245 |
1 |
0 |
|a Personnel and human resource management /
|c Randall S. Schuler.
|
| 260 |
|
|
|a St. Paul :
|b West Pub. Co.,
|c c1981.
|
| 300 |
|
|
|a xii, 558 p. :
|b ill. ;
|c 26 cm.
|
| 440 |
|
0 |
|a West series in management
|
| 504 |
|
|
|a Includes bibliographical references and indexes.
|
| 650 |
|
0 |
|a Personnel management.
|
| 852 |
8 |
|
|b CARM
|h A2:AL35C0
|i D02773
|p 0124968
|f BK
|
| 999 |
f |
f |
|i 3051b5cc-58ef-5fa5-b74f-ab90e8dd5b9f
|s 214efe01-de05-5d13-966c-b0663891efb5
|
| 952 |
f |
f |
|p Can circulate
|a CAVAL
|b CAVAL
|c CAVAL
|d CARM 1 Store
|e D02773
|f A2:AL35C0
|h Other scheme
|i book
|m 0124968
|